مكتبة جامعة عجلون الوطنية

فهرس بحث المكتبة

Introduction to Anatomy (Record no. 34058)

MARC details
000 -LEADER
fixed length control field 00507nam a22001817a 4500
003 - CONTROL NUMBER IDENTIFIER
control field JO-AjAnu
005 - DATE AND TIME OF LATEST TRANSACTION
control field 20251012132118.0
008 - FIXED-LENGTH DATA ELEMENTS--GENERAL INFORMATION
fixed length control field 251012b jo ||||| |||| 00| 0 ara d
020 ## - INTERNATIONAL STANDARD BOOK NUMBER
International Standard Book Number 978-1-80489-674-7
040 ## - CATALOGING SOURCE
Original cataloging agency ANU
Transcribing agency JO-AjAnu
041 ## - LANGUAGE CODE
Language code of original ENG
100 ## - MAIN ENTRY--PERSONAL NAME
Personal name Grimshaw, Priya
Relator term Author
9 (RLIN) 66779
245 ## - TITLE STATEMENT
Title Introduction to Anatomy
Statement of responsibility, etc. / prepared by Priya Grimshaw
260 ## - PUBLICATION, DISTRIBUTION, ETC.
Place of publication, distribution, etc. United Kingdom :
Name of publisher, distributor, etc. Brilliance publications LTD,
Date of publication, distribution, etc. 2026
300 ## - PHYSICAL DESCRIPTION
Extent 288 Pages
650 ## - SUBJECT ADDED ENTRY--TOPICAL TERM
Form subdivision Anatomy
942 ## - ADDED ENTRY ELEMENTS (KOHA)
Source of classification or shelving scheme Library of Congress Classification
Koha item type Books
Suppress in OPAC No
Holdings
Withdrawn status Lost status Source of classification or shelving scheme Damaged status Not for loan Home library Current library Date acquired Total Checkouts Full call number Barcode Date last seen Price effective from Koha item type
    Library of Congress Classification     مكتبة جامعة عجلون الوطنية مكتبة جامعة عجلون الوطنية 12/10/2025   QM23.2026 E4051 12/10/2025 12/10/2025 Books